Normal view
MARC view
Entry Personal Name
001 - CONTROL NUMBER
- control field: 3826
003 - CONTROL NUMBER IDENTIFIER
- control field: BD-RjUL
005 - DATE AND TIME OF LATEST TRANSACTION
- control field: 20220622125934.0
008 - FIXED-LENGTH DATA ELEMENTS
- fixed length control field: 220622|| aca||aabn | a|a d
040 ## - CATALOGING SOURCE
- Original cataloging agency: BD-RjUL
- Transcribing agency: BD-RjUL
100 ## - HEADING--PERSONAL NAME
- Personal name: Kakurvi, Nazer
670 ## - SOURCE DATA FOUND
- Source citation: Work cat.: (BD-RjUL)80022: Qureshi, Waheed ;; قریشی, وحید, مطالعۂ حالی ;; matalieiہ haly /, 1956